| 000 | 00406nam a2200181Ia 4500 | ||
|---|---|---|---|
| 005 | 20240823060207.0 | ||
| 008 | 240823s9999||||xx |||||||||||||| ||und|| | ||
| 041 | _aTAMIL | ||
| 082 | _A920 Q1 | ||
| 100 | _aRajagopalan R | ||
| 245 | 0 | _aSri Gurunathan Mahimai | |
| 250 | _a2nd | ||
| 260 |
_c2011 _bNalli Kuppuswami Che |
||
| 500 | _aYES | ||
| 650 |
_aTamil _bGeneral |
||
| 942 | _cBK | ||
| 999 |
_c230553 _d230553 |
||